Edinburgh 2010 : (Record no. 9104)
[ view plain ]
| 000 -LEADER | |
|---|---|
| fixed length control field | 02056cam a2200361Ii 4500 |
| 001 - CONTROL NUMBER | |
| control field | 639164957 |
| 003 - CONTROL NUMBER IDENTIFIER | |
| control field | OCoLC |
| 005 - DATE AND TIME OF LATEST TRANSACTION | |
| control field | 20241126110705.0 |
| 008 - FIXED-LENGTH DATA ELEMENTS--GENERAL INFORMATION | |
| fixed length control field | 100607s2010 orua b 001 0 eng d |
| 020 ## - INTERNATIONAL STANDARD BOOK NUMBER | |
| International Standard Book Number | 1608996794 |
| 020 ## - INTERNATIONAL STANDARD BOOK NUMBER | |
| International Standard Book Number | 9781608996797 |
| 035 ## - SYSTEM CONTROL NUMBER | |
| System control number | (OCoLC)639164957 |
| 040 ## - CATALOGING SOURCE | |
| Original cataloging agency | YDXCP |
| Language of cataloging | eng |
| Description conventions | rda |
| Transcribing agency | YDXCP |
| Modifying agency | ELW |
| -- | EMT |
| -- | LML |
| -- | JEV |
| -- | OCLCF |
| -- | OCLCO |
| -- | OCLCQ |
| 050 #4 - | |
| -- | BV2061.3 |
| -- | .E35 2010 |
| 082 ## - DEWEY DECIMAL CLASSIFICATION NUMBER | |
| Classification number | 266.001 |
| Item number | REG |
| 245 00 - TITLE STATEMENT | |
| Title | Edinburgh 2010 : |
| Remainder of title | witnessing to Christ today / |
| Statement of responsibility, etc. | edited by Daryl Balia and Kirsteen Kim. |
| 246 30 - | |
| -- | Witnessing to Christ today |
| 264 #1 - PRODUCTION, PUBLICATION, DISTRIBUTION, MANUFACTURE, AND COPYRIGHT NOTICE | |
| Place of production, publication, distribution, manufacture | Eugene, Oregon : |
| Name of producer, publisher, distributor, manufacturer | Wipf & Stock, |
| Date of production, publication, distribution, manufacture, or copyright notice | [2010]. |
| 300 ## - PHYSICAL DESCRIPTION | |
| Extent | 301 pages : |
| Other physical details | illustrations ; |
| Dimensions | 23 cm. |
| 336 ## - CONTENT TYPE | |
| Content type term | text |
| Content type code | txt |
| Source | rdacontent |
| 337 ## - MEDIA TYPE | |
| Media type term | unmediated |
| Media type code | n |
| Source | rdamedia |
| 338 ## - CARRIER TYPE | |
| Carrier type term | volume |
| Carrier type code | nc |
| Source | rdacarrier |
| 490 1# - SERIES STATEMENT | |
| Series statement | Regnum Edinburgh 2010 series ; |
| Volume/sequential designation | 2. |
| 504 ## - BIBLIOGRAPHY, ETC. NOTE | |
| Bibliography, etc. note | Includes bibliographical references (pages 279-301) and index. |
| 505 0# - FORMATTED CONTENTS NOTE | |
| Formatted contents note | Introduction / Daryl Balia and Kirsteen Kim -- Foundations for mission -- Christian mission among other faiths -- Mission and postmodernities -- Mission and power -- Forms of missionary engagement -- Theological education and formation -- Christian communities in contemporary contexts -- Mission and unity : ecclesiology and mission -- Mission spirituality and authentic discipleship -- Women and mission, Bible and mission -- Appendix I. The 2010 mission themes -- Appendix II. Conveners of the Edinburgh 2010 study groups. |
| 611 20 - | |
| -- | World Missionary Conference |
| -- | (2010 : |
| -- | Edinburgh, Scotland) |
| -- | 15871 |
| 650 #0 - SUBJECT ADDED ENTRY--TOPICAL TERM | |
| Topical term or geographic name entry element | Missions. |
| Authority record control number or standard number | http://id.loc.gov/authorities/subjects/sh85086032 |
| 9 (RLIN) | 885 |
| 650 #0 - SUBJECT ADDED ENTRY--TOPICAL TERM | |
| Topical term or geographic name entry element | Postmodernism |
| General subdivision | Religious aspects |
| -- | Christianity. |
| Authority record control number or standard number | http://id.loc.gov/authorities/subjects/sh2008108915 |
| 9 (RLIN) | 8803 |
| 700 1# - ADDED ENTRY--PERSONAL NAME | |
| Personal name | Balia, Daryl M. |
| Authority record control number or standard number | http://id.loc.gov/authorities/names/nr90008552 |
| 9 (RLIN) | 15879 |
| 700 1# - ADDED ENTRY--PERSONAL NAME | |
| Personal name | Kim, Kirsteen. |
| Authority record control number or standard number | http://id.loc.gov/authorities/names/no2004053512 |
| 9 (RLIN) | 15880 |
| 830 #0 - | |
| -- | Regnum Edinburgh 2010 series ; |
| -- | http://id.loc.gov/authorities/names/no2010129397 |
| -- | v. 2. |
| -- | 14358 |
| 942 ## - ADDED ENTRY ELEMENTS (KOHA) | |
| Source of classification or shelving scheme | Dewey Decimal Classification |
| Koha item type | Books |
| Koha issues (borrowed), all copies | 1 |
| Withdrawn status | Lost status | Source of classification or shelving scheme | Damaged status | Not for loan | Home library | Current Library | Shelving location | Date acquired | Total checkouts | Full call number | Barcode | Date last seen | Date last checked out | Copy number | Price effective from | Koha item type |
|---|---|---|---|---|---|---|---|---|---|---|---|---|---|---|---|---|
| Dewey Decimal Classification | GRACE BIBLE COLLEGE | GRACE BIBLE COLLEGE | Ministry & Mission | 2022-04-11 | 1 | 266.001 REG | 015503 | 2025-05-01 | 2023-10-28 | v.2 | 2022-04-11 | Books |